000 01007nam a2200277Ia 4500
003 GCL
008 140319s9999 xx 000 0 ara d
040 _aGCL /
_cGCL
082 0 4 _aط
_b607
_bد س
100 1 _aمكتبة لبنان
245 1 0 _aسلسلة الشروق العلمية( كيف تعمل)-القاطرة-الباخرة-الصاروخ-الطائرة-التليفزيون-السيارة-التليفون-الموتوسيكل /
_cمكتبة لبنان
260 _a[S.N] :
_bمكتبة لبنان
490 _aسلسلة الشروق العلمية: كيف يعمل
_v0
650 0 4 _aالات التصوير
650 0 4 _aالاطفال
650 0 4 _aالحاسبات الالكترونية
650 0 4 _aالتليفزيون
650 0 4 _aالصواريخ
650 0 4 _aالتليفون
650 0 4 _aالالات
650 0 4 _aالقاطرات
650 0 4 _aالميكروسكوبات
650 0 4 _aالاختراعات
650 0 4 _aالدراجات
942 _2ddc
_cBK
999 _c33438
_d33438